Hét, nyolc, kilenc [novella] /

Elmentve itt :
Bibliográfiai részletek
Szerző: Papp Zoltán
Dokumentumtípus: Cikk
Megjelent: 1970-05-17
Sorozat:Délmagyarország 60 No. 114
Kulcsszavak:Magyar irodalom novella
Online Access:http://dmarchiv.bibl.u-szeged.hu/62920
LEADER 00460nab a2200157 i 4500
001 delm62920
005 20180927151244.0
008 180927s1970 hu o 0|| hun d
040 |a SZTE Délmagyarország Archívum  |b hun 
041 |a hun 
100 1 |a Papp Zoltán 
245 1 0 |a Hét, nyolc, kilenc   |h [elektronikus dokumentum] :  |b [novella] /  |c  Papp Zoltán 
260 |c 1970-05-17 
300 |a 6-7 
490 0 |a Délmagyarország  |v 60 No. 114 
695 |a Magyar irodalom novella